00987pab a2200145 454500008004000000100002300040245004000063260000900103300001500112362001200127520062800139650001900767650001100786773004400797180718b2003 xxu||||| |||| 00| 0 eng d aMukhopadhyay, Lipi aTribal issues in new economic order c2003 ap.212-221. aApr-Jun aThe developmental Schemes for tribals have caused several disadvantages, mainly displacement and loss of land. Even the land alienation has kept these groups away from opportunity for education, health and employment. The tribals have become dependent on the wages, working as agricultural, mining or factory labourers. This article suggests that efforts should be made for tribal development in the very areas of their habitat by leaving local resources to the community. The strengthening of institutions of local self-government can keep the deprived sections cushioned from the operation of market forces. - Reproduced. aTribes - India aTribes aIndian Journal of Public Administration